|
|
แสดงรายละเอียดบรรณานุกรม |
|
|
Brief Record
: Get Marc (ISO 2709)
: E-mail record
: |
|
|
| LEADER 00000nama 2200000uu 4500 | |||
| 008 040531s|||| th m m a000 0 tha d | |||
| 020 974-7511-57-6 | |||
| 041 tha | |||
| 050 CS2375.T5 ส231ช 2537 | |||
| 100 สมฤทธี บัวระมวล. | |||
| 245 ชื่องาม นามดี ตามวันเกิด / สมฤทธี บัวระมวล. | |||
| 250 พิมพ์ครั้งที่ 2. | |||
| 260 กรุงเทพฯ. คุ้มคำ. 2537. | |||
| 300 288 หน้า. | |||
| 600 สมฤทธี บัวระมวล,บรรณาธิการ. | |||
| 650 นาม . | |||
| 995 001 | |||
| คุณยังไม่ได้ล็อกอิน คุณสามารถมีกิจกรรมร่วมกับเว็บไซต์ได้ แต่ต้องล็อกอินก่อน :: |
|
| สถานะ | |||||||||
| 1. | หนังสือทั่วไป | CS2375.T5 ส231ช 2537 | On Shelf ขอยืม | ||||||
| 2. | หนังสือทั่วไป | CS2375.T5 ส231ช 2537 | On Shelf ขอยืม | ||||||
| 3. | หนังสือทั่วไป | CS2375.T5 ส231ช 2537 | On Shelf ขอยืม | ||||||
| [แสดง 3/3 รายการ] | |||||||||
BibComment |
| คอมเมนท์ทรัพยากรรายการนี้ |
|
|